[Event "FRM-chT 29th"]
[Site "Struga"]
[Date "2021.08.20"]
[Round "6"]
[White "Danchevski, Orce"]
[Black "Stanojoski, Zvonko"]
[Result "1/2-1/2"]
[WhiteElo "2329"]
[BlackElo "2420"]
[PlyCount "97"]
[EventDate "2021.08.15"]
[EventType "team-tourn"]
[EventRounds "7"]
[EventCountry "MKD"]
[SourceTitle "CBM 203 Extra"]
[Source "ChessBase"]
[SourceDate "2021.09.30"]
[SourceVersion "1"]
[SourceVersionDate "2021.09.30"]
[SourceQuality "1"]
[WhiteTeam "Skopje Gambit Asseko"]
[BlackTeam "Skopje Alkaloid"]
[WhiteTeamCountry "MKD"]
[BlackTeamCountry "MKD"]

1. e4 c5 2. Nf3 Nc6 3. d4 cxd4 4. Nxd4 g6 5. c4 Bg7 6. Be3 Nf6 7. Nc3 0-0 8. Be2 d6 9. Qd2 a5 10. 0-0 a4 11. Rac1 Qa5 12. Ndb5 Be6 13. f4 Rfc8 14. h3 Qd8 15. Qd1 Na5 16. b3 axb3 17. axb3 Nc6 18. Bf3 Ne8 19. Bg4 Bxg4 20. hxg4 Ra6 21. g5 Rca8 22. Rf3 h6 23. gxh6 Bxh6 24. Rh3 Bg7 25. Bf2 Nf6 26. Bh4 Na7 27. Bxf6 Bxf6 28. Nd5 Bb2 29. Nbc7 Bxc1 30. Nxa6 Bb2 31. Qd2 Bg7 32. Nab4 e6 33. Ne3 Qb6 34. Kh2 Nc6 35. Nxc6 Qxc6 36. Ng4 Qxe4 37. Qxd6 e5 38. Rf3 Re8 39. Nf6+ Bxf6 40. Qxf6 Re6 41. Qg5 exf4 42. Rxf4 Qe5 43. Qxe5 Rxe5 44. Rf6 b5 45. cxb5 Rxb5 46. Rf3 Rb4 47. Kg3 f5 48. Kf2 Kf7 49. Ke2 1/2-1/2

[Event "FRM-ch"]
[Site "Skopje"]
[Date "2019.05.25"]
[Round "6"]
[White "Georgiev, Kiril"]
[Black "Danchevski, Orce"]
[Result "1-0"]
[WhiteElo "2588"]
[BlackElo "2341"]
[PlyCount "73"]
[EventDate "2019.05.20"]
[EventType "tourn"]
[EventRounds "9"]
[EventCountry "MKD"]
[EventCategory "3"]
[SourceTitle "CBM 190 Extra"]
[Source "ChessBase"]
[SourceDate "2019.07.15"]
[SourceVersion "1"]
[SourceVersionDate "2019.07.15"]
[SourceQuality "1"]

1. d4 d5 2. c4 e6 3. Nc3 Be7 4. Nf3 Nf6 5. Bf4 0-0 6. e3 Nbd7 7. c5 Nh5 8. h4 Nxf4 9. exf4 b6 10. b4 a5 11. a3 bxc5 12. bxc5 Ba6 13. Bxa6 Rxa6 14. Qd3 Ra8 15. g3 c6 16. 0-0 Qc7 17. Rab1 Rfe8 18. Rfe1 Bf6 19. Na4 g6 20. Kg2 Ra7 21. Nb6 Nf8 22. h5 Bg7 23. hxg6 hxg6 24. Ne5 Bxe5 25. fxe5 Qe7 26. Qe3 f5 27. Rh1 Nh7 28. Rh6 Qg7 29. Rbh1 Nf8 30. Qg5 Rb7 31. R1h3 Reb8 32. Qd2 Ra7 33. Qc1 Kf7 34. Rh8 Ke8 35. Qg5 Rf7 36. R3h6 Rfb7 37. Qh4 1-0

[Event "EU-ch rapid"]
[Site "Skopje"]
[Date "2018.12.08"]
[Round "5"]
[White "Ivanisevic, Ivan"]
[Black "Danchevski, Orce"]
[Result "1-0"]
[WhiteElo "2603"]
[BlackElo "2346"]
[PlyCount "49"]
[EventDate "2018.12.08"]
[EventType "swiss (rapid)"]
[EventRounds "13"]
[EventCountry "MKD"]
[SourceTitle "CBM 187 Extra"]
[Source "ChessBase"]
[SourceDate "2018.11.04"]
[SourceVersion "1"]
[SourceVersionDate "2018.11.04"]
[SourceQuality "1"]

1. d4 Nf6 2. c4 e6 3. Nc3 d5 4. cxd5 exd5 5. Bg5 c6 6. e3 Be7 7. Bd3 0-0 8. Nge2 Nbd7 9. Ng3 Re8 10. Nf5 Nf8 11. Nxe7+ Qxe7 12. Qf3 Qe6 13. Bxf6 Qxf6 14. Qxf6 gxf6 15. Kd2 Be6 16. g4 Kh8 17. Rag1 Nd7 18. Rg3 Rg8 19. Rhg1 Nb6 20. b3 Rg7 21. Ne2 Rag8 22. h3 Rd8 23. Nf4 Rgg8 24. Nh5 Nd7 25. f4 1-0

[Event "EU-Cup 34th"]
[Site "Porto Carras"]
[Date "2018.10.13"]
[Round "2.2"]
[White "Mastrovasilis, Athanasios"]
[Black "Danchevski, Orce"]
[Result "1-0"]
[WhiteElo "2503"]
[BlackElo "2358"]
[PlyCount "127"]
[EventDate "2018.10.12"]
[EventType "team-swiss"]
[EventRounds "7"]
[EventCountry "GRE"]
[SourceTitle "CBM 187"]
[Source "ChessBase"]
[SourceDate "2018.12.11"]
[SourceVersion "1"]
[SourceVersionDate "2018.12.11"]
[SourceQuality "1"]
[WhiteTeam "Thessaloniki ES"]
[BlackTeam "Gambit Asseco See"]
[WhiteTeamCountry "GRE"]
[BlackTeamCountry "MKD"]

1. d4 Nf6 2. Nf3 e6 3. c4 d5 4. Nc3 Be7 5. Bg5 0-0 6. e3 h6 7. Bh4 Ne4 8. Bxe7 Qxe7 9. Rc1 c6 10. Bd3 Nxc3 11. Rxc3 Nd7 12. cxd5 exd5 13. Qb1 Nf6 14. 0-0 Ne4 15. Bxe4 dxe4 16. Nd2 Re8 17. Rc5 Qh4 18. b4 Bd7 19. a4 Rad8 20. Rfc1 Re7 21. Nf1 Be8 22. Ng3 g6 23. Re5 f5 24. Rcc5 b6 25. Rxe7 Qxe7 26. Re5 Qf6 27. Qf1 Qd6 28. Qe1 Bf7 29. h4 h5 30. Ne2 Bb3 31. Qc3 Bf7 32. Nf4 Re8 33. a5 Rb8 34. Kh2 Kh7 35. axb6 axb6 36. Qa1 Qc7 37. Qa3 Kh6 38. Kg1 Bg8 39. Qa1 Bf7 40. Nh3 Bc4 41. Ng5 Qg7 42. Qc1 b5 43. Qa3 Qb7 44. Qc1 Ra8 45. f3 Ra2 46. fxe4 fxe4 47. Qe1 Qd7 48. Qg3 Qg4 49. Re7 Bg8 50. Qxg4 hxg4 51. Nxe4 g3 52. Nxg3 Rb2 53. Ne4 Bd5 54. Nf6 g5 55. e4 Bc4 56. h5 g4 57. e5 Bd3 58. Kh2 Rxb4 59. e6 Kg5 60. Rf7 Bc4 61. Ne4+ Kh4 62. Rf6 Bd5 63. e7 Bxe4 64. e8Q 1-0

[Event "FRM-chT"]
[Site "Struga"]
[Date "2018.08.11"]
[Round "1.2"]
[White "Danchevski, Orce"]
[Black "Hadzi Manev, Ljubomir"]
[Result "1-0"]
[WhiteElo "2351"]
[BlackElo "1998"]
[PlyCount "89"]
[EventDate "2018.08.11"]
[EventType "team-tourn"]
[EventRounds "7"]
[EventCountry "MKD"]
[SourceTitle "CBM 186 Extra"]
[Source "ChessBase"]
[SourceDate "2018.08.24"]
[SourceVersion "1"]
[SourceVersionDate "2018.08.24"]
[SourceQuality "1"]
[WhiteTeam "Skopje Gambit Asseko"]
[BlackTeam "Skopje Karposh"]
[WhiteTeamCountry "MKD"]
[BlackTeamCountry "MKD"]

1. d4 g6 2. e4 Bg7 3. Nc3 a6 4. a4 Nc6 5. Nf3 d6 6. h3 h6 7. Be3 e5 8. Bc4 Bd7 9. 0-0 Nf6 10. Qd2 exd4 11. Nxd4 Nxd4 12. Bxd4 0-0 13. Rfe1 Bc6 14. Rad1 Nd7 15. Bxg7 Kxg7 16. f4 Nb6 17. Bb3 a5 18. Qd4+ Kh7 19. e5 dxe5 20. Qxe5 Qc8 21. Qf6 Qf5 22. Qxf5 gxf5 23. Re7 Kg6 24. Rxc7 Rac8 25. Rd6+ f6 26. Re7 Rce8 27. Rde6 Rxe7 28. Rxe7 Nc8 29. Re3 Nb6 30. Be6 Nxa4 31. Rg3+ Kh7 32. Bxf5+ Kh8 33. Nxa4 Bxa4 34. Ra3 Bc6 35. Rxa5 Rd8 36. Bd3 Rd4 37. g3 Kg7 38. Kf2 Rd8 39. Ra1 Kf7 40. Re1 Ra8 41. Bc4+ Kg6 42. Re7 Ra1 43. Bd3+ f5 44. Re6+ Kf7 45. Rxh6 1-0

[Event "Vojvodina op 9th"]
[Site "Novi Sad"]
[Date "2018.07.27"]
[Round "9"]
[White "Batsuren, Dambasuren"]
[Black "Danchevski, Orce"]
[Result "1/2-1/2"]
[WhiteElo "2321"]
[BlackElo "2353"]
[PlyCount "22"]
[EventDate "2018.07.22"]
[EventType "swiss"]
[EventRounds "9"]
[EventCountry "YUG"]
[SourceTitle "CBM 185 Extra"]
[Source "ChessBase"]
[SourceDate "2018.07.29"]
[SourceVersion "1"]
[SourceVersionDate "2018.07.29"]
[SourceQuality "1"]

1. d4 d5 2. c4 e6 3. Nc3 Nf6 4. cxd5 exd5 5. Bg5 c6 6. e3 Be7 7. Bd3 0-0 8. Qc2 Nbd7 9. Nf3 Re8 10. 0-0 Nf8 11. h3 Ne4 1/2-1/2

[Event "Vojvodina op 9th"]
[Site "Novi Sad"]
[Date "2018.07.25"]
[Round "6"]
[White "Danchevski, Orce"]
[Black "Jocev, Milan"]
[Result "1/2-1/2"]
[WhiteElo "2353"]
[BlackElo "2256"]
[PlyCount "53"]
[EventDate "2018.07.22"]
[EventType "swiss"]
[EventRounds "9"]
[EventCountry "YUG"]
[SourceTitle "CBM 185 Extra"]
[Source "ChessBase"]
[SourceDate "2018.07.29"]
[SourceVersion "1"]
[SourceVersionDate "2018.07.29"]
[SourceQuality "1"]

1. d4 d5 2. c4 c6 3. Nf3 Nf6 4. g3 Bf5 5. Bg2 e6 6. 0-0 Be7 7. Nc3 0-0 8. Qb3 Qb6 9. c5 Qxb3 10. axb3 Nbd7 11. b4 a6 12. Bf4 Ne4 13. Ne1 Nxc3 14. bxc3 Bf6 15. Nf3 Rfe8 16. Nd2 e5 17. Be3 Nf8 18. Ra2 Ne6 19. Nb3 Nc7 20. dxe5 Bxe5 21. Bd4 Nb5 22. Bxe5 Rxe5 23. Rc1 Rae8 24. Bf1 h5 25. e3 Nc7 26. Nd4 Be4 27. Rd1 1/2-1/2

[Event "Vojvodina op 9th"]
[Site "Novi Sad"]
[Date "2018.07.23"]
[Round "3"]
[White "Banovic, Ivan"]
[Black "Danchevski, Orce"]
[Result "1/2-1/2"]
[WhiteElo "2224"]
[BlackElo "2353"]
[PlyCount "42"]
[EventDate "2018.07.22"]
[EventType "swiss"]
[EventRounds "9"]
[EventCountry "YUG"]
[SourceTitle "CBM 185 Extra"]
[Source "ChessBase"]
[SourceDate "2018.07.29"]
[SourceVersion "1"]
[SourceVersionDate "2018.07.29"]
[SourceQuality "1"]

1. d4 Nf6 2. Nf3 d5 3. c4 e6 4. Nc3 Be7 5. cxd5 exd5 6. Bg5 c6 7. Qc2 Na6 8. a3 Nc7 9. e3 g6 10. Bd3 Ne6 11. Bh4 Ng7 12. 0-0 Bf5 13. Bxf6 Bxf6 14. b4 a6 15. a4 0-0 16. b5 axb5 17. axb5 Rxa1 18. Rxa1 Bxd3 19. Qxd3 Ne6 20. bxc6 bxc6 21. Rc1 Qa8 1/2-1/2

[Event "Thessaloniki White Tower op 40th"]
[Site "Thessaloniki"]
[Date "2018.01.04"]
[Round "4"]
[White "Grapsa, Georgia"]
[Black "Danchevski, Orce"]
[Result "1/2-1/2"]
[WhiteElo "2096"]
[BlackElo "2367"]
[PlyCount "71"]
[EventDate "2018.01.02"]
[EventType "swiss"]
[EventRounds "9"]
[EventCountry "GRE"]
[SourceTitle "CBM 182 Extra"]
[Source "ChessBase"]
[SourceDate "2018.02.23"]
[SourceVersion "1"]
[SourceVersionDate "2018.02.23"]
[SourceQuality "1"]

1. d4 Nf6 2. c4 c5 3. d5 b5 4. Nf3 bxc4 5. Nc3 d6 6. e4 Nbd7 7. Bxc4 g6 8. h3 Bg7 9. 0-0 0-0 10. Re1 Rb8 11. Qc2 Nh5 12. g4 Nhf6 13. Bf1 h5 14. g5 Ne8 15. Bg2 Kh7 16. Ne2 Nc7 17. a4 e5 18. Bd2 Na6 19. Ng3 Nb4 20. Bxb4 Rxb4 21. a5 Nb8 22. Ra3 Na6 23. Bf1 Rb8 24. Qd2 Nb4 25. Rc1 Qd7 26. Nh4 Qd8 27. Ngf5 gxf5 28. exf5 e4 29. Rg3 Na2 30. Qe2 Nxc1 31. Qxh5+ Kg8 32. f6 Rb3 33. fxg7 Rxg3+ 34. fxg3 Kxg7 35. Qh6+ Kg8 36. Ng6 1/2-1/2

[Event "Thessaloniki White Tower op 40th"]
[Site "Thessaloniki"]
[Date "2018.01.03"]
[Round "2"]
[White "Tsaknakis, Zisis"]
[Black "Danchevski, Orce"]
[Result "1-0"]
[WhiteElo "2120"]
[BlackElo "2367"]
[PlyCount "121"]
[EventDate "2018.01.02"]
[EventType "swiss"]
[EventRounds "9"]
[EventCountry "GRE"]
[SourceTitle "CBM 182 Extra"]
[Source "ChessBase"]
[SourceDate "2018.02.23"]
[SourceVersion "1"]
[SourceVersionDate "2018.02.23"]
[SourceQuality "1"]

1. e4 c5 2. Nf3 d6 3. Bb5+ Nc6 4. 0-0 Bd7 5. Re1 a6 6. Bf1 Bg4 7. h3 Bh5 8. c3 e6 9. g4 Bg6 10. d4 Nf6 11. d5 Ne5 12. dxe6 fxe6 13. Nxe5 dxe5 14. Qxd8+ Rxd8 15. f3 h5 16. g5 Nd7 17. h4 Bd6 18. Be3 Ke7 19. Nd2 Rb8 20. a4 Rhc8 21. Nc4 Be8 22. Red1 Rc6 23. Na5 Rcc8 24. Nc4 Rc6 25. a5 Rd8 26. Rd2 Bb8 27. Rad1 Rdc8 28. Bf2 Bc7 29. Bg3 Rb8 30. Kg2 Ra8 31. Bd3 b5 32. axb6 Nxb6 33. Nxe5 Bxe5 34. Bxe5 g6 35. Bf6+ Kf7 36. Be2 c4 37. Ra1 Nd7 38. e5 Nb6 39. Rd4 Rc5 40. Kg3 Bb5 41. f4 Nd5 42. Kf2 Ra7 43. Ra5 Rd7 44. Bf3 Nb6 45. Rd6 Rxd6 46. exd6 Nd7 47. Bd4 Rc8 48. Bb7 Rb8 49. Bxa6 Bxa6 50. Rxa6 Rxb2+ 51. Ke3 e5 52. fxe5 Rh2 53. Ra8 Rxh4 54. Rd8 Ke6 55. Re8+ Kd5 56. Re7 Kc6 57. Rg7 Rh1 58. Kf2 Rh2+ 59. Kf3 Rh3+ 60. Kg2 Rh4 61. e6 1-0

[Event "EU-Cup 33rd"]
[Site "Antalya"]
[Date "2017.10.12"]
[Round "5.4"]
[White "Danchevski, Orce"]
[Black "Vajda, Levente"]
[Result "0-1"]
[WhiteElo "2367"]
[BlackElo "2588"]
[PlyCount "90"]
[EventDate "2017.10.08"]
[EventType "team-swiss"]
[EventRounds "7"]
[EventCountry "TUR"]
[SourceTitle "CBM 181"]
[Source "ChessBase"]
[SourceDate "2017.11.10"]
[SourceVersion "1"]
[SourceVersionDate "2017.11.10"]
[SourceQuality "1"]
[WhiteTeam "Gambit Asseco See"]
[BlackTeam "Baia Mare"]
[WhiteTeamCountry "MKD"]
[BlackTeamCountry "ROU"]

1. d4 d5 2. Nf3 Nf6 3. c4 e6 4. Nc3 Be7 5. Bf4 0-0 6. e3 Nbd7 7. Bd3 dxc4 8. Bxc4 Nb6 9. Bd3 Nbd5 10. Bg3 c5 11. 0-0 b6 12. Nxd5 exd5 13. Ne5 Bb7 14. Rc1 c4 15. Bb1 b5 16. Bh4 Ne4 17. Bxe7 Qxe7 18. Qh5 g6 19. Qe2 f6 20. Nf3 Nd6 21. Nd2 Rac8 22. a3 a5 23. Rfe1 f5 24. f4 b4 25. axb4 axb4 26. Nf3 Rc7 27. h3 Bc8 28. Kh2 Re8 29. Ne5 Nf7 30. Qf2 Nxe5 31. dxe5 Be6 32. Rg1 Qc5 33. g4 Rf7 34. gxf5 Bxf5 35. Bxf5 Rxf5 36. Qd2 Ra8 37. Rgd1 Ra2 38. Rc2 c3 39. Qg2 Qxe3 40. Qxd5+ Kg7 41. Qb7+ Kh6 42. Qxb4 cxb2 43. Rb1 Ra3 44. Kh1 Rxf4 45. Qd2 Qxh3+ 0-1

[Event "EU-Cup 33rd"]
[Site "Antalya"]
[Date "2017.10.10"]
[Round "3.4"]
[White "Burstein, Roman"]
[Black "Danchevski, Orce"]
[Result "1/2-1/2"]
[WhiteElo "2322"]
[BlackElo "2367"]
[PlyCount "79"]
[EventDate "2017.10.08"]
[EventType "team-swiss"]
[EventRounds "7"]
[EventCountry "TUR"]
[SourceTitle "CBM 181"]
[Source "ChessBase"]
[SourceDate "2017.11.10"]
[SourceVersion "1"]
[SourceVersionDate "2017.11.10"]
[SourceQuality "1"]
[WhiteTeam "Makabi LSK"]
[BlackTeam "Gambit Asseco See"]
[WhiteTeamCountry "LTU"]
[BlackTeamCountry "MKD"]

1. c4 e5 2. g3 Nf6 3. Bg2 d5 4. cxd5 Nxd5 5. Nc3 Nxc3 6. bxc3 Bd6 7. Nf3 0-0 8. 0-0 Nc6 9. d4 Qe8 10. Rb1 Kh8 11. dxe5 Nxe5 12. Nxe5 Bxe5 13. Ba3 Rg8 14. Bxb7 Bh3 15. Bg2 Bxg2 16. Kxg2 Bxc3 17. Qc2 Ba5 18. Rfd1 Bb6 19. Rb4 Qe6 20. Rh4 h6 21. Qe4 Qxe4+ 22. Rxe4 Rgd8 23. Rxd8+ Rxd8 24. Bb4 f6 25. a4 Rd5 26. Rc4 Kg8 27. e3 Kf7 28. Kf3 Ke6 29. g4 c5 30. Bc3 Bc7 31. h3 Kd6 32. h4 Rd1 33. Ke4 Rf1 34. f3 Rf2 35. f4 Rg2 36. Kf3 Rg1 37. e4 Rf1+ 38. Ke3 Rh1 39. g5 Rh3+ 40. Ke2 1/2-1/2

[Event "EU-Cup 33rd"]
[Site "Antalya"]
[Date "2017.10.08"]
[Round "1.4"]
[White "Runarsson, Gunnar Freyr"]
[Black "Danchevski, Orce"]
[Result "0-1"]
[WhiteElo "1957"]
[BlackElo "2367"]
[PlyCount "80"]
[EventDate "2017.10.08"]
[EventType "team-swiss"]
[EventRounds "7"]
[EventCountry "TUR"]
[SourceTitle "CBM 181"]
[Source "ChessBase"]
[SourceDate "2017.11.10"]
[SourceVersion "1"]
[SourceVersionDate "2017.11.10"]
[SourceQuality "1"]
[WhiteTeam "Viking"]
[BlackTeam "Gambit Asseco See"]
[WhiteTeamCountry "ISL"]
[BlackTeamCountry "MKD"]

1. d4 Nf6 2. Nc3 d5 3. Bg5 c5 4. Nf3 Nc6 5. e3 cxd4 6. exd4 Bg4 7. Be2 e6 8. 0-0 Be7 9. Qd3 0-0 10. Rfd1 h6 11. Bf4 Bf5 12. Qd2 Bb4 13. Bd3 Ne4 14. Qe1 Rc8 15. a3 Bxc3 16. bxc3 Na5 17. Bd2 Nc4 18. Bxc4 Rxc4 19. Ne5 Rc8 20. c4 f6 21. Nf3 Rxc4 22. Bb4 Re8 23. Nh4 Bh7 24. Rac1 Qc7 25. Qe2 Ng5 26. Qh5 Qf7 27. Qe2 Rec8 28. c3 Qc7 29. a4 Rxb4 30. f4 Ne4 31. Qg4 Rb6 32. c4 Rc6 33. c5 b6 34. f5 Qd7 35. Re1 Bxf5 36. Qe2 bxc5 37. dxc5 Rxc5 38. Ra1 Rc2 39. Qh5 Qc7 40. h3 Qg3 0-1

[Event "FRM-ch"]
[Site "Ohrid"]
[Date "2017.08.18"]
[Round "6"]
[White "Danchevski, Orce"]
[Black "Konstantinov, Aleksandar1111"]
[Result "1-0"]
[WhiteElo "2363"]
[BlackElo "2157"]
[PlyCount "95"]
[EventDate "2017.08.13"]
[EventType "swiss"]
[EventRounds "9"]
[EventCountry "MKD"]
[SourceTitle "CBM 180 Extra"]
[Source "ChessBase"]
[SourceDate "2017.10.06"]
[SourceVersion "1"]
[SourceVersionDate "2017.10.06"]
[SourceQuality "1"]

1. c4 c5 2. Nf3 b6 3. Nc3 Bb7 4. d4 cxd4 5. Nxd4 Nf6 6. f3 d6 7. e4 e6 8. Be2 Be7 9. 0-0 a6 10. Be3 Nbd7 11. Qe1 0-0 12. Qf2 Qc7 13. Rac1 Rac8 14. Rfd1 Qb8 15. Bf1 Rfd8 16. Kh1 Bf8 17. Nc2 Ba8 18. Bg5 Be7 19. Be3 Nc5 20. Bd4 Bc6 21. b4 Ncd7 22. b5 axb5 23. cxb5 Ba8 24. Nb4 Nc5 25. Na6 Qa7 26. Qb2 Nfd7 27. a4 Bf6 28. Bxf6 Nxf6 29. Qa3 d5 30. exd5 Nxd5 31. Nxd5 Bxd5 32. Nxc5 Rxc5 33. Rxc5 bxc5 34. a5 Ra8 35. Ra1 c4 36. b6 Qb7 37. Qb4 Qa6 38. h3 h6 39. Ra4 Rc8 40. Ra3 Ra8 41. Kg1 f6 42. Kf2 Kf7 43. Be2 Rc8 44. Rc3 Ke8 45. Rc1 Kd7 46. Bd1 e5 47. Ba4+ Ke6 48. Bb5 1-0

[Event "EU-Cup 32nd"]
[Site "Novi Sad"]
[Date "2016.11.10"]
[Round "5.3"]
[White "Danchevski, Orce"]
[Black "Morozevich, Alexander"]
[Result "0-1"]
[WhiteElo "2357"]
[BlackElo "2683"]
[PlyCount "68"]
[EventDate "2016.11.06"]
[EventType "team-swiss"]
[EventRounds "7"]
[EventCountry "SRB"]
[SourceTitle "CBM 176"]
[Source "ChessBase"]
[SourceDate "2017.01.17"]
[SourceVersion "1"]
[SourceVersionDate "2017.01.17"]
[SourceQuality "1"]
[WhiteTeam "Gambit Asseco See"]
[BlackTeam "Sveti Nikolaj Srpski"]
[WhiteTeamCountry "MKD"]
[BlackTeamCountry "SRB"]

1. c4 e5 2. Nc3 Nf6 3. Nf3 Nc6 4. d4 exd4 5. Nxd4 Bb4 6. Nxc6 bxc6 7. Bd2 0-0 8. a3 Bd6 9. Bg5 h6 10. Bh4 Be5 11. Qc2 Rb8 12. e3 Qe8 13. Be2 Ne4 14. Nxe4 Rxb2 15. Qd3 f5 16. Nc3 g5 17. f4 gxf4 18. Rc1 fxe3 19. Nd1 Ra2 20. c5 d5 21. cxd6 Bxd6 22. Qb3+ Be6 23. Bc4 Bxc4 24. Qxc4+ Qf7 25. Qxf7+ Rxf7 26. Nc3 Rxg2 27. Kf1 Rb2 28. Rb1 Rc2 29. Ne2 c5 30. Be1 f4 31. Rb8+ Kh7 32. Bc3 f3 33. Rh8+ Kg6 34. Rg1+ Kh5 0-1